000 00294nam a2200121Ia 4500
008 190216s9999||||xx |||||||||||||| ||und||
100 _aRadhakrishnan C
245 0 _aPuzhamuthal Puzha Vare
260 _bPoorna Pubs Kozhikode
_c1987
300 _a424
650 _aNovel Malayalam
942 _cBK
999 _c25895
_d25895